Matemática 3 : iniciación a la creatividad /
Guardado en:
| Autor Principal: | |
|---|---|
| Formato: | Libro |
| Publicado: |
Buenos Aires :
Kapelusz,
1995
|
| Materias: | |
| Etiquetas: |
Agregar Etiqueta
Sin Etiquetas, Sea el primero en etiquetar este registro!
|
| LEADER | 00792nam a22001935a 4500 | ||
|---|---|---|---|
| 001 | CEM.cems017775 | ||
| 005 | 20120326110351.0 | ||
| 008 | 130507s1995##################000#0#####d | ||
| 003 | CEMS | ||
| 020 | |a 9501327973 | ||
| 082 | 0 | 4 | |a 510 |
| 100 | 1 | |a Santaló, Luis A. | |
| 245 | 1 | 0 | |a Matemática 3 : |b iniciación a la creatividad / |c Luis A. Santaló |
| 260 | |a Buenos Aires : |b Kapelusz, |c 1995 | ||
| 300 | |a 135 p. | ||
| 505 | 0 | |a Expresiones algebraicas -- Ecuaciones de segundo grado -- Vectores -- Ecuaciones e inecuaciones lineales -- Areas y volúmenes -- Máximos y mínimos -- Función exponencial y logarítmica -- Números complejos -- matrices y grafos -- Probabilidades | |
| 653 | |a Matemática | ||
| 653 | |a Matemática-egb | ||
| 859 | |a CEMS |b BIB. CEMS - Agricultura |h 510 |i Sa592 |p A1532.12 |t Ej.1 |v 3 |3 3 | ||
